000 00663nam a2200241Ia 4500
003 OSt
005 20220924143527.0
006 a|||||r|||| 00| 0
007 ta
008 220923b |||||||| |||| 00| 0 urd d
024 _a308743
037 _cTextual
040 _aARTS
_cARTS
_burd
041 _2urd
_aurd
082 _aO142,3NRA,1, 168L6
100 _aSharof Rashidov
_9216124
245 0 _aOatthar patthar phool khile
260 _c1976
650 _aRUSSIAN LITERATURE
_915056
700 _a Md. Nazeer Tr.
_9216125
942 _hO142,3NRA,1, 168L6
_cTEXL
_2CC
999 _c454832
_d454832